Sports Quiz

Random Sports or Basketball Quiz

2010 NBA 1st Round Quiz Stats

 Plays Quiz not verified by Sporcle

Challenge
Share
Tweet
Embed
Score 0/30 Timer 05:00
0 Plays Today
School Player % Correct
KentuckyJohn Wall
100%
KentuckyDeMarcus Cousins
96.6%
Ohio StateEvan Turner
95.4%
SyracuseWes Johnson
93.1%
Georgia TechDerrick Favors
92%
ButlerGordon Hayward
85.1%
GeorgetownGreg Monroe
81.6%
KansasXavier Henry
74.7%
BaylorEkpe Udoh
73.6%
KansasCole Aldrich
73.6%
UNCEd Davis
72.4%
KentuckyPatrick Patterson
72.4%
Wake ForestAl-Farouq Aminu
71.3%
KentuckyEric Bledsoe
71.3%
KentuckyDaniel Orton
63.2%
School Player % Correct
MarylandGreivis Vasquez
57.5%
Fresno StatePaul George
52.9%
Oklahoma StateJames Anderson
51.7%
TexasAvery Bradley
50.6%
TexasDamion James
49.4%
ClemsonTrevor Booker
48.3%
NevadaLuke Babbitt
47.1%
WashingsonQuincy Pondexter
46%
XavierJordan Crawford
44.8%
Iowa StateCraig Brackins
43.7%
VCULarry Sanders
41.4%
MarquetteLazar Hayward
37.9%
South FloridaDominique Jones
36.8%
MemphisElliot Williams
34.5%
Cholet Basket (France)Kevin Seraphin
33.3%

You're not logged in!

Compare scores with friends on all Sporcle quizzes.
Join for Free
OR
Log In

You Might Also Like...

Show Comments

Extras

Top Quizzes Today


Score Distribution

Your Account Isn't Verified!

In order to create a playlist on Sporcle, you need to verify the email address you used during registration. Go to your Sporcle Settings to finish the process.

Report this User

Report this user for behavior that violates our Community Guidelines.

Details: